Nano Technology Importance & Applications (Record no. 34696)

MARC details
000 -LEADER
fixed length control field 00413nam a22001577a 4500
003 - CONTROL NUMBER IDENTIFIER
control field OSt
005 - DATE AND TIME OF LATEST TRANSACTION
control field 20220413101305.0
008 - FIXED-LENGTH DATA ELEMENTS--GENERAL INFORMATION
fixed length control field 220413b |||||||| |||| 00| 0 eng d
020 ## - INTERNATIONAL STANDARD BOOK NUMBER
International Standard Book Number 9789380026985
040 ## - CATALOGING SOURCE
Transcribing agency H.U
082 ## - DEWEY DECIMAL CLASSIFICATION NUMBER
Classification number 620.115
100 ## - MAIN ENTRY--PERSONAL NAME
Personal name Fulekar H.M
9 (RLIN) 35790
245 ## - TITLE STATEMENT
Title Nano Technology Importance & Applications
260 ## - PUBLICATION, DISTRIBUTION, ETC.
Place of publication, distribution, etc. New Delhi
Name of publisher, distributor, etc. I.K. INTERNATIONAL PUBLISHING
Date of publication, distribution, etc. 2010
942 ## - ADDED ENTRY ELEMENTS (KOHA)
Source of classification or shelving scheme Dewey Decimal Classification
Koha item type Books like text book referance book
Suppress in OPAC No
Holdings
Withdrawn status Lost status Source of classification or shelving scheme Damaged status Not for loan Home library Current library Shelving location Date acquired Total Checkouts Full call number Barcode Date last seen Copy number Price effective from Koha item type
    Dewey Decimal Classification     IoT Library IoT Library General Stacks 04/13/2022   620.115/FUL/2010 IOTL0021113 04/13/2022 1 04/13/2022 Books like text book referance book
    Dewey Decimal Classification     IoT Library IoT Library General Stacks 04/13/2022   620.115/FUL/2010 IOTL0021114 04/13/2022 2 04/13/2022 Books like text book referance book
    Dewey Decimal Classification     IoT Library IoT Library General Stacks 04/13/2022   620.115/FUL/2010 IOTL0021115 04/13/2022 3 04/13/2022 Books like text book referance book